000 00636nam a22002057a 4500
010 _aENG-120428
020 _c495.00
_a9788186772515
035 _aEN-103960
037 _bDBAD/PUB
082 _a630.18
100 _aVerma, Mithilesh
245 _aFood and Nutrition security /
_cby Mithilesh Verma
260 _aNew Delhi
_bNew Academic Publishers
_c2012
270 _a4760-61,23,Ansari Road,Daryaganj
_bNew Delhi
_e110002
300 _a100p.
_c22cm(Hb)
_bill.(col.)
500 _aIncludes bibliographical references
700 _dFellows,Anjana
700 _dKunwar, Neelma
942 _2ddc
_cEN
_h630.18
_mFoo
999 _c145056
_d145056